| Tag |
First Indicator |
Second Indicator |
Subfields |
| LEADER |
00000cam a22000001a 4500 |
| 001 |
in00003290621 |
| 006 |
m d f |
| 007 |
cr bn mmmapmmp |
| 008 |
091022s1991 dcua ob f000 0 eng d |
| 005 |
20260504162422.5 |
| 035 |
|
|
|a cis2007459386
|
| 040 |
|
|
|a UMI
|c UMI
|d UtOrBLW
|
| 043 |
|
|
|a n-us---
|
| 074 |
|
|
|a 1009-B-5, 1009-C-5 (MF)
|
| 086 |
0 |
|
|a Y 4.In 2/11:S.hrg.101-1186
|
| 099 |
|
|
|a HRG-1990-IAF-0016
|
| 110 |
1 |
|
|a United States.
|b Congress.
|b Senate.
|b Select Committee on Indian Affairs.
|
| 245 |
1 |
0 |
|a Renegotiation of Seneca Nation leases :
|b hearing before the Select Committee on Indian Affairs, United States Senate, One Hundred First Congress, second session, on S.2895 to provide for the renegotiation of certain leases of the Seneca Nation, September 18, 1990, Washington, DC.
|
| 264 |
|
1 |
|a Washington :
|b U.S. G.P.O.,
|c 1991.
|
| 300 |
|
|
|a 1 online resource.
|
| 336 |
|
|
|a text
|b txt
|2 rdacontent
|
| 337 |
|
|
|a computer
|b c
|2 rdamedia
|
| 338 |
|
|
|a online resource
|b cr
|2 rdacarrier
|
| 490 |
1 |
|
|a S. hrg. ;
|v 101-1186
|
| 500 |
|
|
|a Record is based on bibliographic data in ProQuest Congressional Hearings Digital Collection. Reuse except for individual research requires license from ProQuest, LLC.
|
| 504 |
|
|
|a Includes bibliographical references.
|
| 538 |
|
|
|a System requirements: PDF reader software.
|
| 500 |
|
|
|a Electronic resource.
|
| 650 |
|
0 |
|a Indians of North America
|x Land tenure.
|
| 650 |
|
0 |
|a Seneca Indians
|x Land tenure.
|
| 651 |
|
0 |
|a Seneca Nation of New York.
|
| 655 |
|
7 |
|a Electronic books.
|2 local
|
| 710 |
2 |
|
|a ProQuest (Firm)
|
| 776 |
0 |
8 |
|i Print version:
|a United States. Congress. Senate. Select Committee on Indian Affairs
|t Renegotiation of Seneca Nation leases
|w (DGPO)91071574
|w (OCoLC)23712514
|
| 776 |
0 |
8 |
|i Microfiche version:
|a United States. Congress. Senate. Select Committee on Indian Affairs
|t Renegotiation of Seneca Nation leases.
|d [Bethesda, Md.] : ProQuest,[2004]
|o CIS 91 S411-15
|w (ProQuest)cis09102478
|
| 810 |
1 |
|
|a United States.
|b Congress.
|b Senate.
|t S. hrg. ;
|v 101-1186.
|
| 830 |
|
0 |
|a U.S. Congressional Hearings.
|
| 856 |
4 |
0 |
|u http://proxy.library.tamu.edu/login?url=https://congressional.proquest.com/congcomp/getdoc?HEARING-ID=HRG-1990-IAF-0016
|z Connect to the full text of this electronic book
|t 0
|
| 998 |
|
|
|a cis09102478
|
| 999 |
|
|
|a MARS
|
| 999 |
f |
f |
|s 7efa77f1-4b4f-3724-b3be-1745c10645eb
|i 2507fe38-4fe6-3bdd-a09a-b63c76c38d81
|t 0
|
| 952 |
f |
f |
|a Texas A&M University
|b College Station
|c Electronic Resources
|s www_evans
|d Available Online
|t 0
|e HRG-1990-IAF-0016
|h Other scheme
|
| 998 |
f |
f |
|a HRG-1990-IAF-0016
|t 0
|l Available Online
|